Ekonomika miestnej samosprávy v procese decentralizácie verejnej správy v podmienkach Slovenskej republiky

Skúmanie vplyvu decentralizácie verejnej správy na rozvoj ekonomiky obce. Vplyv decentralizácie verejnej správy je vyjadrený finančnou sebestačnosťou rozpočtov miestnej samosprávy.

Gespeichert in:
Bibliographische Detailangaben
1. Verfasser: Krnáč, Jozef
Format: Buchkapitel
Sprache:Slowakisch
Schlagworte:
Tags: Tag hinzufügen
Keine Tags, Fügen Sie das erste Tag hinzu!

MARC

LEADER 00000naa$a2200000$$$4500
001 0071111
005 20230929093525.1
041 0 |a slo 
044 |a CZ 
245 1 0 |a Ekonomika miestnej samosprávy v procese decentralizácie verejnej správy v podmienkach Slovenskej republiky  |c Jozef Krnáč 
520 |a Skúmanie vplyvu decentralizácie verejnej správy na rozvoj ekonomiky obce. Vplyv decentralizácie verejnej správy je vyjadrený finančnou sebestačnosťou rozpočtov miestnej samosprávy. 
610 2 0 |a samospráva miestna 
610 2 0 |a Slovensko 
610 2 0 |a rozpočty 
610 2 0 |a decentralizácia 
610 2 0 |a správa verejná 
610 2 0 |a obce 
610 2 0 |a rozvoj regionálny 
610 2 0 |a sebestačnosť 
100 1 |a Krnáč, Jozef